Neurologic interventions for physical therapy / (Record no. 121817)

MARC details
000 -LEADER
fixed length control field 01039nam a2200277 a 4500
003 - CONTROL NUMBER IDENTIFIER
control field OSt
005 - DATE AND TIME OF LATEST TRANSACTION
control field 20250224145708.0
008 - FIXED-LENGTH DATA ELEMENTS--GENERAL INFORMATION
fixed length control field
020 ## - INTERNATIONAL STANDARD BOOK NUMBER
International Standard Book Number 9781455740208 (paperback)
040 ## - CATALOGING SOURCE
Original cataloging agency NUST
Transcribing agency NUST
050 ## - LIBRARY OF CONGRESS CALL NUMBER
Classification number RC350.P48 MAR
100 1# - MAIN ENTRY--PERSONAL NAME
Personal name Martin, Suzanne "Tink"
-- Author
245 10 - TITLE STATEMENT
Title Neurologic interventions for physical therapy /
Statement of responsibility, etc. Suzanne "Tink" Martin and Mary Kessler.
250 ## - EDITION STATEMENT
Edition statement Third edition.
260 ## - PUBLICATION, DISTRIBUTION, ETC.
Place of publication, distribution, etc. St. Louis, Missouri :
Name of publisher, distributor, etc. Elsevier/Saunders,
Date of publication, distribution, etc. 2016.
300 ## - PHYSICAL DESCRIPTION
Extent xv, 502 pages :
Other physical details illustrations (chiefly colour) ;
Dimensions 28 cm.
336 ## - CONTENT TYPE
Content type term text
Content type code txt
Source rdacontent
337 ## - MEDIA TYPE
Media type term unmediated
Media type code n
Source rdamedia
338 ## - CARRIER TYPE
Carrier type term volume
Carrier type code nc
Source rdacarrier
504 ## - BIBLIOGRAPHY, ETC. NOTE
Bibliography, etc. note Includes bibliographical references.
650 #1 - SUBJECT ADDED ENTRY--TOPICAL TERM
Topical term or geographic name entry element Nervous system
General subdivision Diseases
Form subdivision Physical therapy.
650 ## - SUBJECT ADDED ENTRY--TOPICAL TERM
Topical term or geographic name entry element Neuromuscular diseases
General subdivision Physical therapy.
650 ## - SUBJECT ADDED ENTRY--TOPICAL TERM
Topical term or geographic name entry element Physical therapy assistants.
700 ## - ADDED ENTRY--PERSONAL NAME
Personal name Kessler, Mary.,
-- Author.
942 ## - ADDED ENTRY ELEMENTS (KOHA)
Koha item type Ordinary Loan Books
Call number prefix RC
Call number suffix MAR
Source of classification or shelving scheme Library of Congress Classification
Edition Third edition.
Classification part RC350.P48 MAR
Suppress in OPAC No
Holdings
Withdrawn status Lost status Source of classification or shelving scheme Damaged status Not for loan Collection Home library Current library Shelving location Date acquired Source of acquisition Cost, normal purchase price Total Checkouts Full call number Barcode Date last seen Cost, replacement price Price effective from Koha item type Public note Accession number
    LCC     NFIC MEDICAL MEDICAL GEN 01/20/2023 Book Aid International 36.72   RC350.P48 MAR 92004051490 01/20/2023 36.72 01/20/2023 BOOKS Donation  
    LCC     NFIC MEDICAL MEDICAL GEN 02/24/2025 Book Aid International 36.72   RC350.P48 MAR 92004056766 02/24/2025 36.72 02/24/2025 BOOKS Donation 62538